000 00479nam a2200181Ia 4500
008 230612s9999 xx 000 0 und d
041 _aeng
082 _a600 PAR
100 _aParulekar P.
245 _aApplied Science
_bSection B Chemistry II
260 _c1991
_bEverest Publishing House
300 _a124
365 _cRs.
_b35.00
500 _aW. 203-04
700 _aParulekar P. & Deshpande J.
_9124401
906 _dB:23-Dec-1991
_cALLEDS
_b7
999 _c164694
_d164694